Signes astrologiques par indices (2) - Statistiques

Statistiques générales
  • Ce quiz a été pris 263 fois
  • Le résultat moyen est 11 sur 12
Statistiques - réponses
Hint Réponse % Correct
crabe cancer
94%
on peut être monté comme lui taureau
94%
sa dernière syllabe correspond à notre planète sagittaire
93%
la page est blanche vierge
93%
sa dernière syllabe correspond à un synonyme de "surveillant d'école" scorpion
91%
sa première syllabe correspond à une ville d'Italie capricorne
89%
soeurs jumelles nées sous ce signe gémeaux
89%
Poutre servant à enfoncer les portes et les murs bélier
88%
Première syllabe du prénom du chanteur de "say you, say me" et de "Hello" lion
87%
Avec sa deuxième syllabe, il ne risque pas de mourir de soif verseau
86%
Avec sa première syllabe, on peut l'ouvrir balance
85%
sa première syllabe correspond à de la nourriture poissons
72%
Aucun quiz correspondant
Distribution des résultats
% des personnes avec chaque résultat
Percentile par nombre de réponses
Votre historique - résultats
Vous n’avez pas pris ce quiz